PLANNING AND MANAGEMENT OF TECHNICAL EDUCATION IN INDIA (Record no. 5424)
[ view plain ]
| 000 -LEADER | |
|---|---|
| fixed length control field | 00632nam a22001337a 4500 |
| 082 ## - DEWEY DECIMAL CLASSIFICATION NUMBER | |
| Classification number | 371.2 |
| Item number | AICTE/P |
| 100 ## - MAIN ENTRY--AUTHOR NAME | |
| Personal name | ALL INDIA COUNCIL FOR TECHNICAL EDUCATION |
| 245 ## - TITLE STATEMENT | |
| Title | PLANNING AND MANAGEMENT OF TECHNICAL EDUCATION IN INDIA |
| 260 ## - PUBLICATION, DISTRIBUTION, ETC. (IMPRINT) | |
| Place of publication | DELHI |
| Name of publisher | ALL INDIA COUNCIL FOR TECHNICAL EDUCATION |
| Year of publication | 1996 |
| 300 ## - PHYSICAL DESCRIPTION | |
| Number of Pages | 608 |
| 520 ## - SUMMARY, ETC. | |
| Summary, etc | FOR THE IMPROVEMENT OF TECHNICAL EDUCATION SYSTEM. THESE ACTIONS INCLUDE A LARGE NUMBER OF SCHEMES FOR HRD, REVISIONS OF NORMS AND STANDARDS, REVIEW OF POST GRADUATE TECHNICAL EDUCATION PROGRAMS, FUNDING OF R & D, CREATING DATABASE FOR MANPOWER ETC |
| 650 ## - SUBJECT ADDED ENTRY--TOPICAL TERM | |
| Topical Term | TECHNICAL EDUCATION |
| Geographic subdivision | INDIA |
| 942 ## - ADDED ENTRY ELEMENTS (KOHA) | |
| Koha item type | Books |
| Withdrawn status | Lost status | Collection code | Home library | Current library | Shelving location | Date acquired | Source of acquisition | Cost, normal purchase price | Full call number | Accession Number | Koha item type |
|---|---|---|---|---|---|---|---|---|---|---|---|
| Reference | Main Library | Main Library | 14/08/2003 | purchase | 250.00 | 371.2 AICTE/P | 01151 | Books |